[Event "SM-gruppen"]
[Site "Lund"]
[Date "2010.07.04"]
[Round "2"]
[White "Grandelius, Nils"]
[Black "Semcesen, Daniel"]
[Result "1-0"]
[WhiteElo "2505"]
[BlackElo "2420"]
[Annotator "Michael de Verdier"]
[PlyCount "69"]
[EventDate "2010.??.??"]
[EventRounds "9"]
[EventCountry "SWE"]
[Source "Anders Hansen"]
[SourceDate "2010.07.03"]

1. d4 f5 {Även om Daniel har spelat holländskt innan förväntade jag mig
antingen en slav eller en antagen damgambit idag. Daniel har dock säkert goda
minnen av holländskt, i Copenhagen Chess Challenge 2008 vann hann mot just
Nils, i just holländskt!} 2. Nf3 Nf6 3. c4 e6 4. g3 Be7 5. Bg2 O-O 6. O-O d6 7.
Nc3 Ne4 8. Qc2 Nxc3 9. bxc3 $5 {Vit drar på sig en dubbelbonde, och hoppas att
kunna spela konkret mot svarts centrum i gengäld.} (9. Qxc3 {
har också spelats men är inte lika vanligt.}) 9... Nc6 {Diagram #} 10. d5 (10.
e4 {trodde jag verkligen var poängen. Efter} e5 11. dxe5 dxe5 12. Rb1 {
kompenserar vits aktiva pjäser de svaga c-bönderna, som i Shirov - Williams,
4NCL 2006.}) 10... Na5 11. dxe6 (11. Nd4 {kanske svart bemöter med} e5 12. Ne6
Bxe6 13. dxe6 c6 {där han ser ut att ha en ganska solid ställning, med en
potentiell måltavla i e6-bonden.}) 11... c5 $1 {
Daniel skyndar sig att ta bort d4-rutan för Nils häst.} 12. e4 Bxe6 13. Re1 Qd7
14. Bf4 Rae8 15. Rad1 Nxc4 16. exf5 Bf7 (16... Bxf5 $2 {bemöts med} 17. Qb3 Be6
18. Rxe6 $1 Qxe6 19. Ne5 $1 {med Ld5 i nästa drag.}) (16... Rxf5 {
är inte heller helt bra för svart efter t.ex.} 17. Bh3 Rf6 18. Rxe6 Rxe6 19.
Qb3 d5 20. Qxc4 dxc4 21. Rxd7 {med vitt vinstspel.}) 17. Nd2 Nb6 18. c4 {
Nils vill nagla fast svarts d-bonde.} Bf6 19. Rxe8 Rxe8 20. Ne4 $6 ({
Jag tror kanske att Nils överskattade sina chanser här. Ett drag som} 20. Nb3 {
kanske var mer i ställningens natur.}) 20... Qxf5 21. Rxd6 Kh8 22. Rd2 Bxc4 (
22... Nxc4 {som vi trodde på i kommentatorsrummet verkar vara en förstärkning.
Vår variant gick} 23. Re2 (23. Ng5 {är lurigt men funkar inte p.g.a} Re1+ 24.
Bf1 Rxf1+ $1 25. Kxf1 Nxd2+ 26. Qxd2 Bc4+ 27. Kg1 h6 28. Nf3 g5 {
och vit kan ge upp.}) 23... Bg8 24. Nxf6 Qxc2 25. Rxc2 Re1+ 26. Bf1 gxf6 {
med fördel för svart efter t.ex. ..b5 i nästa drag.}) 23. Be3 Be7 24. h4 Bd5
25. Nxc5 Qxc2 26. Rxc2 Rc8 {Nils har vunnit tillbaka sin bonde och nu försökte
Daniel vara lurig och binda vits springare på c5. Nils är ju dock också bra på
trix.} 27. Bh3 Rc7 {Diagram #} 28. Re2 $1 Bc4 (28... Bxc5 29. Bxc5 Rxc5 {
ser ofördelaktigt ut efter} 30. Re8+ Bg8 31. Be6 h6 32. Rxg8+ Kh7 33. Rb8 {
med vit press.}) 29. Re1 h6 $2 ({
Det är lätt att säga i efterhand, men ett drag som} 29... Bg8 {ser bättre ut.})
30. Bf4 $1 Rxc5 31. Rxe7 {Nu hänger b7-bonden och vits svartfältare är redo
att växla in på den långa diagonalen med Le5.} Nd5 {
Förlorar direkt, men det är svårt att kritisera Daniel för det beslutet.} 32.
Re8+ Kh7 33. Bf5+ g6 34. Be5 $1 gxf5 35. h5 {
Ett listigt mattnät. Svart kan rädda kungen med} (35. h5 Nf6 36. Bxf6 Bg8 {
men tvingas ge upp material efter} 37. Re7+) 1-0

[Event "SM-gruppen"]
[Site "Lund"]
[Date "2010.07.04"]
[Round "2"]
[White "Hector, Jonny"]
[Black "Abdollahzadeh Sani, Arash"]
[Result "1-0"]
[WhiteElo "2584"]
[BlackElo "2143"]
[Annotator "Michael de Verdier"]
[PlyCount "117"]
[EventDate "2010.??.??"]
[EventRounds "9"]
[EventCountry "SWE"]
[Source "Anders Hansen"]
[SourceDate "2010.07.03"]

1. e4 c5 2. Nf3 e6 3. d4 cxd4 4. Nxd4 Nc6 5. Nc3 Qc7 6. Be3 a6 7. Bd3 {
En solid variant som rekommenderas i den populära boken "Experts vs. The
Sicilian". Varianten har således lagts på många svenska spelares repertoarer.}
b5 ({Jag har själv spelat den lite mer säkra varianten} 7... Nf6 8. O-O Nxd4 9.
Bxd4 Bc5 {, mot bl. a. IM Pruess i Cappelle La Grande 2009. Den här vita
uppställningen har aldrig gett mig några större problem som svart. Kanske hade
Abdollahzadeh specialstuderat partiet Hector - Cramling från SM i Göteborg
2006, då Pia använde sig av just 7.-b5 för att vinna mot Jonny.}) 8. Nxc6 Qxc6
9. O-O Bb7 10. f3 ({I det ovan nämnda partiet valde Jonny} 10. Kh1 {.}) 10...
Bc5 11. Qe1 Ne7 12. Kh1 d6 13. a4 b4 14. Nd1 O-O 15. a5 Rab8 16. b3 d5 17. Bf4
Rbc8 18. Nf2 f6 19. Bd2 Qd6 20. Ng4 Nc6 {Diagram #} (20... dxe4 {
såg ut som ett vettigt alternativ. Efter t.ex.} 21. fxe4 Nc6 {
har svart en helt OK ställning.}) 21. exd5 $1 exd5 22. Qh4 {Typiskt Hector-scha
ck. Han kan skapa ett kungsangrepp ur en till synes helt lugn ställning.} f5
23. Rae1 Kh8 (23... fxg4 {leder till matt efter} 24. Qxh7+ Kf7 25. fxg4+) 24.
Nf2 Bd4 25. Nh3 Bc3 26. Ng5 {Diagram # Hector har bara spelat naturliga drag
och optimerat sina pjäser. Helt plötsligt ser svarts ställning ihålig ut.} h6
27. Bxc3 bxc3 28. Qh5 Ne5 $2 {Diagram #} ({
Med tanke på partifortsättningen kanske något i stil med} 28... Qf6 {
var att föredra.}) 29. Rxe5 $1 {En taktisk resurs.} Qxe5 30. Nf7+ Rxf7 31. Qxf7
{Efter avbytena är svarts löpare och f5-bonde gafflade.} Rb8 32. Bxf5 Qf6 33.
Qxf6 gxf6 34. Rd1 {Resten är en tekniksak för en spelare av Hectors kaliber.
Han har en merbonde och en helt överlägsen ställning. Jag lämnar resten åt
akademikerna.} Re8 35. Kg1 Re5 36. Bd3 d4 37. Bc4 Rxa5 38. Rxd4 Bc6 39. Rd8+
Kg7 40. Rg8+ Kh7 41. Rc8 Bb5 42. Be6 Ra1+ 43. Kf2 Kg6 44. Rxc3 Rf1+ 45. Kg3 Re1
46. Bh3 Re5 47. Rc7 h5 48. c4 Be8 49. Kf4 a5 50. Bc8 h4 51. g4 hxg3 52. hxg3
Kh6 53. Bf5 Bg6 54. Bxg6 Kxg6 55. Ra7 Rf5+ 56. Ke4 Rg5 57. g4 Re5+ 58. Kd4 Kg5
59. Ra6 1-0

[Event "SM-gruppen"]
[Site "Lund"]
[Date "2010.07.04"]
[Round "2"]
[White "Tikkanen, Hans"]
[Black "Hillarp Persson, Tiger"]
[Result "1/2-1/2"]
[WhiteElo "2469"]
[BlackElo "2538"]
[Annotator "Michael de Verdier"]
[PlyCount "113"]
[EventDate "2010.??.??"]
[EventRounds "9"]
[EventCountry "SWE"]
[Source "Anders Hansen"]
[SourceDate "2010.07.03"]

1. d4 Nf6 2. c4 g6 3. Nc3 Bg7 4. e4 d6 5. Be2 O-O 6. Nf3 e5 7. O-O Nc6 8. d5
Ne7 9. Ne1 ({
Hans brukar föredra detta framför den skarpa Bajonett-attacken som börjar med} 
9. b4) 9... Ne8 10. Be3 f5 11. f3 Kh8 (11... f4 12. Bf2 h5 {är vanligast, om
jag har förstått saken rätt. Vad som är på modet i dessa varianter skiftar i
och för sig snabbare än man hinner säga "Databassökning", så det är svårt att
skapa sig en snabb överblick. Partiet draget 11.-Kh8 spelade Tiger redan 1997,
mot Ari Ziegler i Excelsior Cup.}) 12. a4 Ng8 {Diagram #} 13. exf5 $5 gxf5 ({
Om svart tar tillbaka med en pjäs, t.ex.} 13... Bxf5 {
, har vit fått kontroll över e4-rutan, där en häst så smånigom kan landa.}) 14.
f4 Ne7 15. fxe5 dxe5 {Svart har dragit på sig "hängande bönder" på e5 och f5.
De kan vara en tillgång på så sätt att de är mobila, men samtidigt är det
svårt att hantera dom. Om man går fram med e-bonden försvagas e4 och f4, och
går man fram med f-bonden försvagas e4-fältet.} 16. Bg5 Qd6 17. Nd3 Ng6 18. c5
Qd7 19. h4 h6 20. Bh5 Kh7 ({Alternativet} 20... hxg5 21. Bxg6 g4 {
såg också fullt spelbart ut.}) 21. Bxg6+ Kxg6 22. Bd2 Kh7 23. Qe1 Qe7 24. b4 a5
25. Nd1 $2 ({På tok för passivt. I dynamiska ställningar som denna är inte
bondestrukturer lika viktiga som pjäsernas aktivitet. Således borde nog Hans
valt} 25. bxa5 e4 26. Rc1 {med komplicerat spel.}) 25... Nf6 26. Ne3 f4 27. Nc4
Nxd5 28. Ncxe5 (28. Qe4+ {vinner inte en pjäs efter} Bf5 29. Qxd5 Rad8) 28...
Bf5 {Det är lagom att fullborda utvecklingen i drag 28, strax innan tidsnöden!}
29. Qe2 Rae8 30. Rae1 axb4 31. Bxf4 Qxh4 {Diagram # Vit har blivit helt
uppbunden av svarts löpare, som börkat jobba på allvar. Nu är goda råd dyra.}
32. Qd2 Nxf4 33. Rxf4 Qd8 34. Qe3 Bxd3 (34... b3 {
vinner också komfortabelt. Vad ska vit göra?}) 35. Rd4 Qxd4 $4 (35... Qg5 36.
Qxd3+ Qf5 {
och vit kan ge upp. Efter det horribla partidraget lever vit fortfarande.}) 36.
Qxd4 Bc2 37. c6 $1 {Med finessen att öppna upp diagonalen a3-f8, för att
indirekt gardera e5-hästen.} bxc6 38. Qxb4 {Tornet på f8 hänger.} c5 39. Qxc5
Bxa4 40. Qxc7 Rf5 41. Nf3 Rxe1+ 42. Nxe1 {
Partiet har mynnat ut i ett slutspel som borde sluta remi.} Be8 43. Nd3 Rf8 44.
Nf4 Bf7 45. Qd7 Kg8 46. g3 Re8 47. Nd5 Re5 48. Ne7+ Rxe7 49. Qxe7 Bg6 50. Kf2
Kh7 51. Ke3 Kg8 52. Kf4 Kh7 53. g4 Kg8 54. g5 {Diagram #} h5 ({
Svart kunde fortfarande gjort bort sig med} 54... hxg5+ $4 55. Kxg5 {
och vit vinner.}) 55. Qe6+ Kh7 56. Qc6 Bh8 57. Qe6 {
Svart har ett brandsäkert fort.} 1/2-1/2

[Event "SM-gruppen"]
[Site "Lund"]
[Date "2010.07.05"]
[Round "3"]
[White "Abdollahzadeh Sani, Arash"]
[Black "Grandelius, Nils"]
[Result "0-1"]
[WhiteElo "2143"]
[BlackElo "2505"]
[Annotator "Michael de Verdier"]
[PlyCount "96"]
[EventDate "2010.??.??"]
[EventRounds "9"]
[EventCountry "SWE"]
[Source "Anders Hansen"]
[SourceDate "2010.07.03"]

1. e4 e5 2. Nf3 Nc6 3. d4 exd4 4. Nxd4 Nf6 5. Nxc6 bxc6 6. e5 Qe7 7. Qe2 Nd5 8.
c4 Ba6 9. b3 g6 10. Ba3 ({En ovanlig variant. Huvuddraget anses vara} 10. f4)
10... Nb4 {Diagram #} 11. g3 $2 {Ett taktiskt förbiseende, som kostar en bonde.
} ({Nils menade efter partiet att vits bästa drag här är} 11. f4 {
, varpå han kunde tänka sig att spela} g5 {
med svart, med ett komplicerat parti.}) 11... Nc2+ $1 12. Qxc2 Qxe5+ 13. Qe2
Bg7 {Poängen med svarts spel. Vit tvingas nu ge tillbaka pjäsen för att inte
förlora tornet på a1.} 14. Nc3 Qxe2+ 15. Kxe2 Bxc3 {Diagram # Ganska tacksamt
att få upp ett slutspel med en solid merbonde som svart efter 15 drag.} 16. Rc1
Bf6 17. Kf3 O-O-O 18. c5 Bxf1 19. Rhxf1 Rhe8 20. Rfd1 Re6 21. Re1 {Ställningen
är svår att försvara för vit. Abdollahzadeh är inte riktigt säker på vart han
vill placera sina pjäser.} Rde8 22. Rxe6 {Diagram #} dxe6 $1 {Ett instruktivt
beslut. Nils för över sin bondemajoritet till kungsflygeln, där det är lättare
att gå fram och skaffa sig en fribonde.} 23. Bb4 Rd8 24. Ke2 Bd4 25. Rc4 {
Vits enda motspelsförsök är baserat på en tornmanöver till a4.} Rd5 26. g4 f5
27. gxf5 exf5 28. h3 Kd7 29. Ba3 g5 30. Bc1 Bf6 31. Bd2 Kc8 32. Bc3 Be7 33. Bd4
Kd7 34. Ra4 h5 {Nils överger försvaret av sin a7-bonde och bestämmer sig för
att köra på på kungsflygeln istället.} 35. f3 {Kanske nödvändigt för att
stoppa ..g4, men nu öppnas andra raden och h3-bonden blir utsatt.} Bxc5 36.
Bxc5 Rxc5 37. Rxa7 Rc2+ 38. Ke3 Rh2 39. Ra5 Ke6 40. Rc5 Rxh3 41. Rxc6+ Kd5 42.
Rxc7 g4 43. Kf4 Rxf3+ 44. Kg5 g3 45. Rc1 g2 46. Rg1 Rg3+ 47. Kxf5 h4 48. Kf4
Rg7 0-1

[Event "SM-gruppen"]
[Site "Lund"]
[Date "2010.07.05"]
[Round "3"]
[White "Berg, Emanuel"]
[Black "Eriksson, Anders"]
[Result "1/2-1/2"]
[WhiteElo "2612"]
[BlackElo "2311"]
[Annotator "Michael de Verdier"]
[PlyCount "83"]
[EventDate "2010.??.??"]
[EventRounds "9"]
[EventCountry "SWE"]
[Source "Anders Hansen"]
[SourceDate "2010.07.03"]

1. e4 c6 2. d4 d5 3. Nc3 dxe4 4. Nxe4 Nd7 5. Ng5 Ngf6 6. Bd3 e6 7. N1f3 Bd6 8.
Qe2 h6 9. Ne4 Nxe4 10. Qxe4 Nf6 11. Qe2 Qc7 {Emanuel var efter partiet lite
kritisk till sitt val av variant mot Anders Caro-Kann. Spelet efter 3.Sc3 är
ju väldigt utstuderat av teoretikerna, och om svart kan sina varianter kan det
vara svårt för vit att påvisa någon fördel.} 12. Bd2 b6 13. O-O-O Bb7 14. Ne5
O-O-O 15. f4 c5 16. dxc5 Bxc5 17. Kb1 {
Spelarna är faktiskt fortfarande i känd spelöppningsteori.} Kb8 18. Rhe1 Nd5 {
Diagram #} 19. c4 ({Detta verkar vara det första nya draget. Tidigare har} 19.
Ba6 {spelats, som i partiet Bojkovic - Scekic, Kragujevac 2000.}) 19... Nb4 20.
Be4 f6 {Försvagar e6-bonden, men man brukar förr eller senare ändå göra detta
draget för att bli av med vits aktiva springare.} 21. a3 Nc6 ({
Varianten som börjar med} 21... fxe5 22. axb4 Bxe4+ 23. Qxe4 Rxd2 $5 {
kanske inte var så dum för svart. Det blir mycket pjäsbyten efter t.ex.} 24.
bxc5 Rxd1+ 25. Rxd1 exf4 26. cxb6 axb6 27. Qxe6 Rd8 {
och svart borde väl klara remi ganska lätt?}) 22. Nxc6+ Bxc6 23. Bc3 Rhe8 ({
Kanske borde svart övervägt att byta av ett par torn med} 23... Rxd1+ 24. Rxd1
Rc8 {med ganska lika spel.}) 24. g3 Bxe4+ 25. Qxe4 Rc8 {Svart hoppas på att
skapa motspel mot vits c4-bonde, och att detta ska kompensera för den svaga
e6-bonden.} 26. Qg6 Bd6 ({Både jag och Emanuel tyckte att} 26... Bf8 {
var en mer naturlig placering för löparen.}) 27. Re4 Re7 28. Red4 Bc5 29. R4d3
a5 $6 ({Eriksson krånglar till det för sig. Det var såvitt jag vet inget fel
på ett normalt drag som} 29... Qc6) 30. b4 axb4 31. axb4 Bf2 {
Diagram # Löparen börjar få dåligt med rutor...} 32. Qe4 ({Här la Emanuel den
stösta delen av sin resterande betänketid. Det han beräknade var säkerligen} 
32. Rf1 Qxc4 33. Rxf2 Rec7 34. Kb2 {
, och jag undrar om han insåg att svart, efter} f5 $1 35. Rfd2 Ra7 {
håller remi efter} 36. Kb1 Qb3+ 37. Rb2 Qc4 38. Be5+ Ka8 39. Rc3 Qf1+ 40. Kc2
Rxc3+ 41. Bxc3 Qg2+ {med remischackar.}) 32... e5 33. fxe5 fxe5 34. R1d2 Bd4
35. Bxd4 ({Anledningen till att Emanuel förkastade} 35. Ra2 Qb7 36. Qxb7+ Kxb7
37. Bxd4 {var} Rd7 ({även om} 37... exd4 {också är spelbart:} 38. Rxd4 Re1+ 39.
Kc2 Re2+ 40. Kb3 Re3+ {med remi.})) 35... exd4 36. Qxd4 Qxc4 37. Qxb6+ Rb7 {
Diagram # Vit har vunnit en bonde men svarts aktivitet gör att han nu måste ta
ut remischackarna.} 38. Qd6+ Rcc7 39. Qd8+ Rc8 40. Qd6+ Rcc7 41. Qf8+ Rc8 42.
Qd6+ 1/2-1/2

[Event "SM-gruppen"]
[Site "Lund"]
[Date "2010.07.05"]
[Round "3"]
[White "Hillarp Persson, Tiger"]
[Black "Brynell, Stellan"]
[Result "1/2-1/2"]
[WhiteElo "2538"]
[BlackElo "2495"]
[Annotator "Michael de Verdier"]
[PlyCount "58"]
[EventDate "2010.??.??"]
[EventRounds "9"]
[EventCountry "SWE"]
[Source "Anders Hansen"]
[SourceDate "2010.07.03"]

1. e4 e6 2. d4 d5 3. Nc3 Nf6 4. e5 Nfd7 5. f4 c5 6. Nf3 Nc6 7. Be3 cxd4 ({
Stellan har även testat} 7... Be7 {
, i danska ligan mot Axel Smith för ett par år sedan.}) 8. Nxd4 Bc5 9. Qd2 O-O
10. O-O-O a6 {Diagram #} 11. Qf2 ({Khalifmans} 11. Nb3 {, som introducerades
av den holländske stormästaren Nijboer, är mer aggresivt. Poängen är att vit
ska köra hårt på angrepp efter} Bb4 ({Stellan har dock även testat} 11... b6 {
, återigen mot Axel Smith, i Danmark 2010.}) 12. Bd3) 11... Qe7 ({
Huvudvarianten går} 11... Nxd4 12. Bxd4 Bxd4 13. Qxd4 b5 {
och frågan är om det finns en framtid för svarts vitfältare.}) 12. Kb1 Nxd4 13.
Bxd4 b5 14. Bd3 Bxd4 15. Qxd4 Bb7 16. Rhe1 (16. a3 {
, för att stoppa b4, har spelats. Men Tiger tycker inte att det behövs.}) 16...
Qc5 17. Ne2 b4 {Diagram # Jag trodde att Stellan ville spela ..a5 för att
sedan byta bort sin dåliga löpare med ..La6, men det blev aldrig tid till det.}
18. f5 Qxd4 19. Nxd4 Rae8 ({Efter} 19... Nc5 20. g4 {
följt av g5 och f6 kan det bli press mot svarts kungsflygel.}) 20. g4 Re7 ({
bemöts just nu med} 20... exf5 21. e6 fxe6 22. Nxe6 Rf6 23. gxf5 {
, även om det inte är klart att det är hela världen för svart.}) 21. Re2 {
Diagram #} exf5 $1 {Stellan är i tid med sitt motspel, och har under de
senaste dragen löst många av sina problem.} 22. e6 Nc5 23. gxf5 fxe6 24. fxe6
g6 $1 {Stoppar Sf5, och förbereder en kungsmarsch till f6.} 25. Re3 Rf4 26. Be2
Kg7 27. a3 a5 28. axb4 axb4 29. Bf3 Kf6 {Ett lite oambitiöst remianbud av
Stellan, som såg ut att ha god kontroll över vits e6-bonde, och aktiva pjäser
att jobba med själv.} 1/2-1/2

[Event "SM-gruppen"]
[Site "Lund"]
[Date "2010.07.05"]
[Round "3"]
[White "Semcesen, Daniel"]
[Black "Tikkanen, Hans"]
[Result "0-1"]
[WhiteElo "2420"]
[BlackElo "2469"]
[Annotator "Michael de Verdier"]
[PlyCount "96"]
[EventDate "2010.??.??"]
[EventRounds "9"]
[EventCountry "SWE"]
[Source "Anders Hansen"]
[SourceDate "2010.07.03"]

1. c4 b6 {Intressant, på så sätt att de här två spelarna faktiskt har
analyserat den här öppningen tillsammans. Tikkanen använder sig kanske av lite
psykologisk krigsföring, det kan ju vara svårt att spela mot "sig själv".} 2.
Nf3 Bb7 3. g3 {"Tvingar" svart att ge bort löparparet. Om han inte tar på f3
kanske han tvingas spela damindiskt, en öppning som Hans inte riktigt har koll
på.} Bxf3 4. exf3 c5 5. d4 {
Viktigt, innan svart hinner befästa d4-punkten med ..Sc6-d4.} Nc6 $5 (5... cxd4
6. Qxd4 Nc6 {ser på ett sätt mer logiskt ut, men svart vill behålla så många
bönder som möjligt för att ställningen ska vara stängd, och gynna springarna
istället för löparna.}) 6. d5 Nd4 7. Be3 Nf5 8. Bf4 e6 9. Bd3 Bd6 10. Bd2 {
Diagram #} (10. Bxf5 Bxf4 {
ger en bildskön ställning, men knappast någon vit fördel.}) 10... Be5 11. Nc3
Nge7 12. f4 Bd4 13. Qf3 {
Frågan är om typställningen ger svart tillräckligt manöverutrymme.} Nd6 {
En fin blockadruta för en springare.} 14. O-O (14. O-O-O {var ett alternativ,
men kanske Daniel insåg att kungen kan komma i blåsväder om svart spelar ..a6
och ..b5.}) 14... O-O 15. Rfe1 Rb8 16. a4 a6 17. Rab1 g6 $1 (17... b5 {
bemöts nu med} 18. b3) 18. h4 h5 {Diagram # Det kanske ser riskabelt ut för
svart att gå fram med bönderna så framför kungen. Men i och med sina två
senaste drag har han fått en fin ruta på f5 för en springare, och det är inte
klart hur Daniel ska bryta igenom. Mitt bästa angreppsförsök i
kommentatorsrummet var baserat på en springarmanöver mot g5, och sen något
slags offer på g5, men det känns ganska avlägset.} 19. Ne2 Bf6 20. g4 $6 {
Olikt Daniel. Han tappar tålamodet, och går på attack.} hxg4 21. Qxg4 Nef5 22.
h5 Kg7 23. hxg6 Rg8 {
Hans spelar helt iskallt. Frågan är vems kung som blir svagast.} 24. Ng3 Kf8
25. Kf1 $6 ({Kanske missade Daniel en bra chans här med} 25. Nxf5 $5 exf5 (
25... Rxg6 26. Qxg6 fxg6 27. Nxd6 {ger vit en överlägsen ställning med torn
och två pjäser för damen i kombination med en fin aktivitet.}) 26. Bxf5 Nxf5
27. Qxf5 Rxg6+ 28. Kf1 {med en vit merbonde, men framförallt har han fått byta
bort lite pjäser och helt demolerat förlustriskerna.}) 25... Rxg6 26. Qf3 (26.
Qh3 {såg mer naturligt ut.}) 26... Bd4 $1 {
Löparen evakuerar d8-h4 diagonalen. Nu ska damen med i spelet via f6 eller h4.}
27. Nxf5 exf5 28. Bc3 Qh4 29. Bxd4 cxd4 30. Ke2 {Det måste kännts snöpligt för
vit att det var hans egen kung som blev utsatt efter "attacken" med g4 och h5
tidigare.} Re8+ 31. Kd2 Ne4+ 32. Kc2 Qg4 33. Qxg4 Rxg4 34. f3 Rg2+ 35. Re2
Rxe2+ 36. Bxe2 Nc5 37. Bd3 Re3 38. Bxf5 Rxf3 39. b4 Rf2+ 40. Kc1 Nxa4 $1 {
Diagram #} 41. Rb3 ({Tidskontrollen är nådd, och svart har en helt överlägsen
ställning. Vit kan inte ens ta på d7, för efter} 41. Bxd7 Rf1+ 42. Kc2 d3+ {
kostar det material.}) 41... d6 42. Ra3 (42. Bc8 a5 43. c5 {var ett intressant
försök att skapa lite panik i svarts läger. Hur farliga blir vits bönder? Njae,
efter} dxc5 44. bxa5 c4 {hinner nog svart först ändå.}) 42... b5 43. Bd7 Nc3
44. c5 dxc5 45. bxc5 b4 46. Rxa6 b3 {och vit kan inte hindra matten med ..Tc2
eller ..b2. Gentlemannamässigt av Daniel att låta sin motståndare sätta matt.}
47. Ra8+ Kg7 48. Bf5 b2# 0-1